| 000 | 00713nam a2200157 4500 | ||
|---|---|---|---|
| 003 | CO-ViMGA | ||
| 020 | _a9789588756820 | ||
| 040 |
_aCO-ViMGA _bspa _cCO-ViMGA |
||
| 090 | _aC MARt | ||
| 100 | 1 |
_aMartinez, Liliana _92225 |
|
| 245 | 1 | 0 |
_aTalento de hadas / _c Liliana Martinez |
| 300 |
_a10 paginas ; _bil. ; 5 Rompecabezas ; 21 cm. |
||
| 520 | _aCada hada tiene su propia habilidad, descubre qué hace tan especiales a Tinker Bell, Silvermist, Fawn, Rosetta e Iridessa. El mundo mágico de Disney y sus historias de las hadas te sorprenderán con cada aventura. Contiene 4 rompecabezas para divertirte mientras lees las aventuras de las hadas. | ||
| 650 | 1 | 4 |
_aLibros ilustrados para niños _92226 |
| 942 |
_2ddc _cBK |
||
| 999 |
_c37142 _d37142 |
||